Zgadnij państwo po sąsiadach - Statystyki

Ogólne statystyki
  • Ten quiz został rozwiązany 106 razy
  • Średni wynik to 6 z 8
Statystyki odpowiedzi
Informacja Państwo % Poprawnych
Sąsiedzi tego państwa to Niemcy, Czechy, Słowacja, Ukraina, Białoruś, Litwa i Rosja Polska
100%
Sąsiedzi tego państwa to Rosja, Chiny Mongolia
88%
Sąsiedzi tego państwa to Gwatemala, Stany Zjednoczone, Belize Meksyk
85%
Sąsiedzi tego państwa to Serbia, Albania, Macedonia, Czarnogóra Kosowo
83%
Sąsiedzi tego państwa to Arabia Saudyjska, Oman Jemen
80%
Sąsiedzi tego państwa to Algieria, Libia Tunezja
80%
Sąsiedzi tego państwa to Niger, Sahara Zachodnia ,Libia, Mauretania, Tunezja, Maroko,Mali Algieria
66%
Sąsiedzi tego państwa to Somalia, Etiopia, Sudan Południowy, Tanzania, Uganda Kenia
58%
Nie znaleziono quizów pasujących do podanych kryteriów
Rozkład punktacji
Procent ludzi z każdym wynikiem
Percentyl według liczby udzielonych odpowiedzi
Twoja historia wyników
Nie rozwiązałeś tego quizu